[Event "U1500 Fast tournament"]
[Site "SchemingMind.com"]
[Date "2012.04.23"]
[Round "-"]
[White "kingsman2"]
[Black "Ricsige"]
[Result "1-0"]
[WhiteCountry "NIR"]
[BlackCountry "AHO"]
[WhiteElo "1540"]
[WhiteRD "107"]
[BlackElo "1423"]
[BlackRD "79"]
[GameID "308947"]

1. d4 d5 2. c4 c6 3. e3 Nf6 4. Nf3 Bg4 5. c5 e6 6. Be2 Nbd7 7. Nc3 Be7 8. O-O O-O 9. a4 b6 10. Ne5 Bxe2
11. Qxe2 bxc5 12. Nxc6 Qc7 13. Nxe7+
1-0

[Event "U1500 Fast tournament"]
[Site "SchemingMind.com"]
[Date "2012.04.23"]
[Round "-"]
[White "Ricsige"]
[Black "kingsman2"]
[Result "1-0"]
[WhiteCountry "AHO"]
[BlackCountry "NIR"]
[WhiteElo "1501"]
[WhiteRD "79"]
[BlackElo "1553"]
[BlackRD "102"]
[GameID "308948"]

1. d4 d5 2. c4 Nf6 3. cxd5 Nxd5 4. e4 Nb4 5. Qa4+ N4c6 6. d5 Bd7 7. dxc6 Bxc6 8. Qc2 e5 9. Nf3 Bb4+ 10. Bd2 Bd6
11. Nc3 O-O 12. Be2 Nd7 13. O-O Nc5 14. Rad1 a6 15. Bg5 f6 16. Be3 f5 17. exf5 Qf6 18. Bg5 Qxf5 19. Qxf5 Rxf5 20. h4 Ne4
21. Nxe4 Bxe4 22. Rfe1 Rb8 23. Nd2 Bc6 24. Bg4 Rf7 25. Be6 Rf8 26. Nc4 Bb4 27. Bxf7+ Rxf7 28. Rxe5 h6 29. Bd2 Be7 30. Rde1 Bxh4
31. g3 Bf6 32. Rf5 Rd7 33. Bxh6 Kh7 34. Bc1 b5 35. Ne3 Be4 36. Rh5+ Kg6 37. Rh8 Kf7 38. Rd1 Re7 39. Rhd8 Bc6 40. Ng4 Bf3
41. Nxf6 Bxd1 42. Rxd1 gxf6 43. b3 c6 44. Kg2 Kg6 45. Rd6 Rc7 46. Bf4 Rc8 47. Be5 Kf7 48. Rxf6+ Ke7 49. f4 Kd7 50. g4 a5
51. g5 Rg8 52. Kf3 Kc8 53. Rxc6+ Kb7 54. Rh6 Rf8 55. g6 Rg8 56. g7
1-0

[Event "U1500 Fast tournament"]
[Site "SchemingMind.com"]
[Date "2012.04.30"]
[Round "-"]
[White "PeterLiberty"]
[Black "Ricsige"]
[Result "1/2-1/2"]
[WhiteCountry "USA"]
[BlackCountry "AHO"]
[WhiteElo "1488"]
[WhiteRD "66"]
[BlackElo "1476"]
[BlackRD "78"]
[GameID "309618"]

1. e4 c5 2. Nf3 Nc6 3. d4 cxd4 4. Nxd4 Nf6 5. Nc3 e5 6. Ndb5 d6 7. Bg5 a6 8. Na3 b5 9. Nd5 Qa5+ 10. Bd2 Qd8
11. Bg5 Qa5+ 12. c3 Nxe4 13. Be3 Be7 14. Bd3 Nc5 15. Bxc5 dxc5 16. O-O c4 17. Be4 Rb8 18. Qf3 O-O 19. Nxe7+ Nxe7 20. Nc2 Be6
21. Nb4 Rfd8 22. Bc6 Qc7 23. Nxa6 Qxc6 24. Qxc6 Nxc6 25. Nxb8 Nxb8 26. h3 Nc6 27. Rad1 Kf8 28. Rxd8+ Nxd8 29. Rd1 Nb7 30. g4 Ke7
31. Kg2 Nc5 32. Kg3 Nd3 33. b3 f6 34. f3 g6 35. Rf1 Kd6=
1/2-1/2

[Event "U1500 Fast tournament"]
[Site "SchemingMind.com"]
[Date "2012.04.30"]
[Round "-"]
[White "PeterLiberty"]
[Black "kingsman2"]
[Result "1-0"]
[WhiteCountry "USA"]
[BlackCountry "NIR"]
[WhiteElo "1471"]
[WhiteRD "68"]
[BlackElo "1540"]
[BlackRD "107"]
[GameID "309619"]

1. e4 e5 2. Nf3 Nc6 3. Bb5 Nf6 4. O-O Nxe4 5. d4 Bd6 6. Re1 Nf6 7. dxe5 Nxe5 8. Nxe5 O-O 9. Nxf7 Rxf7 10. Bg5 Rf8
11. Nc3 c6 12. Bc4+ Kh8 13. Qxd6 h6 14. Bxf6 Rxf6 15. Qd2 b5 16. Bb3 Qf8 17. Ne4 Rf4 18. Qe2 d5 19. Ng3 Rxf2 20. Qxf2 Qd6
21. c3 Ba6 22. Rad1 Bb7 23. Nf5 Qf8 24. Re7 Bc8 25. Rde1 Bxf5 26. R1e5 g6 27. Rc7 a6 28. Rxc6 Be4 29. Qf6+ Qxf6 30. Rxf6 Kg7
31. Rd6 h5 32. Bxd5 Bxd5 33. Rexd5 Kh6 34. h4 Kg7 35. Rg5 Kh6 36. Rgxg6+ Kh7 37. Rxa6 Rd8 38. Rh6+
1-0

[Event "U1500 Fast tournament"]
[Site "SchemingMind.com"]
[Date "2012.04.30"]
[Round "-"]
[White "Ricsige"]
[Black "PeterLiberty"]
[Result "0-1"]
[WhiteCountry "AHO"]
[BlackCountry "USA"]
[WhiteElo "1423"]
[WhiteRD "79"]
[BlackElo "1471"]
[BlackRD "68"]
[GameID "309620"]

1. d4 Nf6 2. c4 e6 3. Nf3 b6 4. g3 Ba6 5. b3 Bb4+ 6. Bd2 Bxd2+ 7. Nbxd2 Bb7 8. Bg2 c5 9. dxc5 bxc5 10. O-O O-O
11. Ne5 Bxg2 12. Kxg2 d5 13. e3 Nbd7 14. Ndf3 Nb6 15. Qc2 Qd6 16. Rfd1 Rad8 17. Rd3 Ne4 18. Rad1 f6 19. Ng4 Qc6
0-1

[Event "U1500 Fast tournament"]
[Site "SchemingMind.com"]
[Date "2012.04.30"]
[Round "-"]
[White "kingsman2"]
[Black "PeterLiberty"]
[Result "1-0"]
[WhiteCountry "NIR"]
[BlackCountry "USA"]
[WhiteElo "1567"]
[WhiteRD "104"]
[BlackElo "1488"]
[BlackRD "66"]
[GameID "309621"]

1. e4 c5 2. Nc3 e6 3. Nf3 Nc6 4. d3 d5 5. Bg5 Be7 6. Be3 Bd6 7. d4 c4 8. Be2 Nge7 9. O-O Bb4 10. Nb5 a6
11. a3 Ba5 12. Nc3 b5 13. e5 Bxc3 14. bxc3 Bb7 15. Bf4 O-O 16. Ng5 Ng6 17. Be3 f6 18. Nxe6 Qe7 19. Nxf8 Rxf8 20. exf6 Qxf6
21. Bh5 Nce7 22. Re1 Nf5 23. a4 Nxe3 24. fxe3 Qf2+ 25. Kh1 Ne7 26. Rf1 Qxe3 27. Rf3 Rxf3 28. Qxf3 Qxf3 29. Bxf3 Nf5 30. axb5 axb5
31. Re1 Kf7 32. Bg4 Bc8 33. Bf3 g6 34. Bxd5+ Kf6 35. Be4 Nd6 36. Bc6 Bf5 37. Rb1 Bxc2 38. Ra1 h6 39. Ra6 Kf5 40. Ra5 Ba4
41. Ra8 Ke6 42. Rh8 Nf7 43. Rh7 Kf6 44. Bd5 Ng5 45. Rxh6 Bc2 46. Bc6 Ba4 47. h4 Nf7 48. Rh7 g5 49. Bd5 gxh4 50. Rxf7+ Kg6
51. Rb7 Kg5 52. Bc6 Kf4 53. Bxb5 Bxb5 54. Rxb5
1-0

[Event "U1500 Fast tournament"]
[Site "SchemingMind.com"]
[Date "2012.05.11"]
[Round "-"]
[White "Pol MacGilla tSamhais"]
[Black "PeterLiberty"]
[Result "0-1"]
[WhiteCountry "IRL"]
[BlackCountry "USA"]
[WhiteElo "1172"]
[WhiteRD "95"]
[BlackElo "1488"]
[BlackRD "66"]
[GameID "310232"]

1. e4 c5 2. Nf3 d6 3. d4 cxd4 4. Nxd4 Nf6 5. Nc3 g6 6. f4 Nbd7 7. Bb5 a6 8. Bc4 Bg7 9. O-O Nc5 10. e5 dxe5
11. fxe5 Bg4 12. Qe1 Nd5 13. h3 Bc8 14. Bxd5 e6 15. Bb3 O-O 16. Be3 Nxb3 17. cxb3 Qc7 18. Qg3 Qxe5 19. Qxe5 Bxe5 20. Nf3 Bg7
21. Rad1 b5 22. Nd4 Bb7 23. Rf2 Rad8 24. Rff1 Rd6 25. Bf4 Bxd4+ 26. Kh1 e5 27. Bd2 Rfd8 28. Ne2 Bxb2 29. Rf2 Rxd2 30. Rdf1 f5
31. Ng1 Rxf2 32. Rxf2 Rd1 33. Rxb2 e4 34. Kh2 e3 35. Kh1 Rd2 36. Rb1 Bxg2+
0-1

[Event "U1500 Fast tournament"]
[Site "SchemingMind.com"]
[Date "2012.05.16"]
[Round "-"]
[White "Pol MacGilla tSamhais"]
[Black "Ricsige"]
[Result "0-1"]
[WhiteCountry "IRL"]
[BlackCountry "AHO"]
[WhiteElo "1172"]
[WhiteRD "95"]
[BlackElo "1476"]
[BlackRD "78"]
[GameID "310233"]

1. d4 Nf6 2. c4 c5 3. d5 b5 4. cxb5 a6 5. bxa6 g6 6. Nc3 Bxa6 7. e4 Bxf1 8. Kxf1 d6 9. Qa4+ Rxa4 10. f3 Ra8
11. Nge2 Bg7 12. Kf2 Nbd7 13. Rd1 O-O 14. b3 Qb6 15. Be3 Qc7 16. Rab1 Rfb8 17. Nc1 Nh5 18. Nb5 Rxb5 19. Kg1 Ne5 20. f4 Nd7
21. Rd2 c4 22. h3 Ndf6 23. f5 Nxe4 24. Rd1 Nc3
0-1

[Event "U1500 Fast tournament"]
[Site "SchemingMind.com"]
[Date "2012.05.12"]
[Round "-"]
[White "Pol MacGilla tSamhais"]
[Black "kingsman2"]
[Result "0-1"]
[WhiteCountry "IRL"]
[BlackCountry "NIR"]
[WhiteElo "1226"]
[WhiteRD "103"]
[BlackElo "1540"]
[BlackRD "107"]
[GameID "310234"]

1. c4 Nc6 2. d4 e5 3. d5 Bb4+ 4. Bd2 Bxd2+ 5. Nxd2 Nb4 6. a3 Na6 7. g3 d6 8. Bg2 Nf6 9. e3 O-O 10. Ne2 Nc5
11. Qc2 c6 12. e4 Ng4 13. h3 Nf6 14. O-O a6 15. b4 Ncd7 16. Nf3 c5 17. Qd2 cxb4 18. axb4 Nxe4 19. Qe3 Nef6 20. Ng5 Qc7
21. Rfc1 Nb6 22. Ra2 Nxc4 23. Qc3 b5 24. Qd3 Qd7 25. Be4 g6 26. Qe3 Nxe3 27. fxe3 h6 28. Rac2 hxg5 29. Kg2 Qxh3+ 30. Kg1 Nxe4
31. Nc3 Bf5
0-1

[Event "U1500 Fast tournament"]
[Site "SchemingMind.com"]
[Date "2012.05.12"]
[Round "-"]
[White "PeterLiberty"]
[Black "Pol MacGilla tSamhais"]
[Result "1-0"]
[WhiteCountry "USA"]
[BlackCountry "IRL"]
[WhiteElo "1471"]
[WhiteRD "68"]
[BlackElo "1226"]
[BlackRD "103"]
[GameID "310235"]

1. e4 e6 2. d4 g6 3. Nc3 Bg7 4. Be3 d6 5. Qd2 Ne7 6. f4 b6 7. Nf3 Nd7 8. e5 d5 9. Bd3 Bb7 10. Nb5 Bc6
11. O-O O-O 12. Qf2 a6 13. Nc3 b5 14. Ng5 h6 15. Nh3 f6 16. Ne2 Qb8 17. Rab1 fxe5 18. Qg3 Qb6 19. fxe5 Qa5 20. a3 b4
21. Rxf8+ Kxf8 22. Ra1 h5 23. Ng5 Qb6 24. Nxe6+ Kg8 25. Bxg6 Nxg6 26. Qxg6
1-0

[Event "U1500 Fast tournament"]
[Site "SchemingMind.com"]
[Date "2012.05.16"]
[Round "-"]
[White "Ricsige"]
[Black "Pol MacGilla tSamhais"]
[Result "1-0"]
[WhiteCountry "AHO"]
[BlackCountry "IRL"]
[WhiteElo "1476"]
[WhiteRD "78"]
[BlackElo "1172"]
[BlackRD "95"]
[GameID "310236"]

1. d4 d5 2. c4 Bf5 3. Nf3 e6 4. Nc3 c6 5. Qb3 Qd7 6. Ne5 Qc7 7. g3 f6 8. Nf3 Ne7 9. Bg2 Ng6 10. h4 Bd6
11. h5 Ne7 12. Bd2 Na6 13. c5 Bxc5 14. dxc5 Nxc5 15. Qd1 O-O 16. Nh2 Qb6 17. g4 Bd3 18. exd3 Nxd3+ 19. Ke2 Qxf2+ 20. Kxd3 Qxg2
21. Qe2 Qg3+ 22. Kc2 f5 23. Rhg1 Qd6 24. gxf5 exf5 25. Qg2 Rf7 26. Bh6 Qxh6 27. Rh1 f4 28. Ng4 Qe6 29. Rae1 Qf5+ 30. Kb3 Qd3
31. Nh6+ Kh8 32. Nxf7+
1-0

[Event "U1500 Fast tournament"]
[Site "SchemingMind.com"]
[Date "2012.05.12"]
[Round "-"]
[White "kingsman2"]
[Black "Pol MacGilla tSamhais"]
[Result "1-0"]
[WhiteCountry "NIR"]
[BlackCountry "IRL"]
[WhiteElo "1567"]
[WhiteRD "104"]
[BlackElo "1172"]
[BlackRD "95"]
[GameID "310237"]

1. d4 f5 2. c4 e6 3. e3 Nf6 4. Nc3 b6 5. Nf3 Bb4 6. Bd2 Bb7 7. a3 Bd6 8. Bd3 Nc6 9. O-O Qe7 10. Nb5 O-O
11. Ng5 h6 12. Nf3 a6 13. Nc3 b5 14. cxb5 Na5 15. b4 Nb3 16. Qxb3 Ng4 17. h3 Nf6 18. Nh4 Qf7 19. bxa6 Bxa6 20. Bxa6 Rxa6
21. b5 Rb6 22. a4 c6 23. a5 Rbb8 24. a6 cxb5 25. a7 Ra8 26. Nxb5 e5 27. Rfb1 Qxb3 28. Rxb3 Be7 29. Ng6 Rfb8 30. Nxe7+ Kf7
31. dxe5 Ne4 32. Nd5 Nxd2 33. Nd6+ Ke6 34. Rxb8 Rxb8 35. axb8=Q
1-0

[Event "U1500 Fast tournament"]
[Site "SchemingMind.com"]
[Date "2012.05.22"]
[Round "-"]
[White "tom claxton"]
[Black "PeterLiberty"]
[Result "1-0"]
[WhiteCountry "ENG"]
[BlackCountry "USA"]
[WhiteElo "1453"]
[WhiteRD "64"]
[BlackElo "1488"]
[BlackRD "66"]
[GameID "310873"]

1. d4 Nf6 2. Nc3 g6 3. e4 d6 4. Bg5 Bg7 5. f4 O-O 6. e5 Nfd7 7. exd6 cxd6 8. Nd5 Qa5+ 9. Nc3 Nf6 10. Nf3 Ne4
11. Qd3 Nxc3 12. Qxc3 Qxc3+ 13. bxc3 e6 14. Bd3 f6 15. Bh4 Bd7 16. O-O Bc6 17. Bc4 d5 18. Bb3 Nd7 19. Rae1 Rfe8 20. Re2 e5
21. fxe5 fxe5 22. dxe5 Bb5 23. Bxd5+ Kh8 24. Re3 Bxf1 25. Kxf1 Rac8 26. e6 Nf6 27. Bxf6 Bxf6 28. c4 b6 29. Ne5 Rc7 30. Nf7+ Kg7
31. Kf2 Bd4 32. Nd6 Bxe3+ 33. Kxe3 Rf8 34. Ne4 Re7 35. Nd6 Rf6 36. Ne4 Rf5 37. Nd6 Re5+ 38. Kd3 Kf6 39. Ne4+ Kg7 40. Nf2 Kf6
41. Ng4+ Kf5 42. Nxe5 Kxe5 43. Ke3 Kd6 44. Kd4 a6 45. a4 a5 46. c3 h6 47. g3 g5 48. g4 Rc7 49. h3 Rc5 50. Kd3 Rc7
51. Kd4 Re7 52. Ke4 Kc5 53. Kd3 Kd6 54. Kd4= Rc7 55. Kd3= Ke5 56. Ke3 Re7 57. Kf3 Re8 58. Kg3 Kf6 59. Kf2 Rc8 60. Ke2= Rb8
61. Kf2 b5 62. cxb5 Rf8 63. Ke3 Ke5 64. c4 Kd6 65. Ke4 Re8 66. Kd4 Rc8 67. Ke4 Kc5 68. Ke5 Rc7 69. Kf6 Kd6 70. Kf5 Re7
71. Ke4 Rh7 72. Kf5 Rh8 73. Kf6 Rf8+ 74. Kg6 Rf2 75. b6 Rb2 76. b7 Rb3 77. Kf7 Rb6 78. e7
1-0

[Event "U1500 Fast tournament"]
[Site "SchemingMind.com"]
[Date "2012.05.26"]
[Round "-"]
[White "tom claxton"]
[Black "Ricsige"]
[Result "0-1"]
[WhiteCountry "ENG"]
[BlackCountry "AHO"]
[WhiteElo "1488"]
[WhiteRD "65"]
[BlackElo "1423"]
[BlackRD "79"]
[GameID "310874"]

1. d4 Nf6 2. Nc3 d5 3. Bg5 Bf5 4. Bxf6 exf6 5. e3 Bb4 6. Ne2 Nd7 7. a3 Ba5 8. b4 Bb6 9. Nxd5 O-O 10. Nxb6 Nxb6
11. Ng3 Bd7 12. c3 Ba4 13. Qd3 a6 14. Ne4 Bb5 15. Qd2 Bxf1 16. Rxf1 Nc4 17. Qc2 c6 18. Qb3 Nb6 19. Rd1 Nd5 20. Nc5 Qc7
21. g3 b6 22. Nd3 a5 23. Rc1 Rfe8 24. Ke2 Qd7 25. c4 Nc7 26. c5 bxc5 27. dxc5 Nb5 28. Rfd1 Nd4+ 29. Kf1 Nxb3 30. Rc3 Qd5
31. Ke2 Nd4+ 32. Kd2 Qa2+ 33. Ke1 Qe2#
0-1

[Event "U1500 Fast tournament"]
[Site "SchemingMind.com"]
[Date "2012.05.21"]
[Round "-"]
[White "tom claxton"]
[Black "kingsman2"]
[Result "0-1"]
[WhiteCountry "ENG"]
[BlackCountry "NIR"]
[WhiteElo "1445"]
[WhiteRD "69"]
[BlackElo "1553"]
[BlackRD "102"]
[GameID "310875"]

1. d4 d5 2. Nc3 Nf6 3. Bg5 e6 4. Bxf6 Qxf6 5. e4 dxe4 6. Nxe4 Qf5 7. Qf3 Qxf3 8. Nxf3 Nc6 9. c3 Bd6 10. Nxd6+ cxd6
11. Bb5 O-O 12. Bxc6 bxc6 13. O-O Ba6 14. Rfe1 Rab8 15. b3 h6 16. c4 Bb7 17. Rad1 d5 18. cxd5 cxd5 19. Ne5 Rfd8 20. f3 Rbc8
21. Rd2 a6 22. Kf2 Rc7 23. Ree2 f6 24. Nd3 Re8 25. Nf4 Rc6 26. Nxd5 Rc1 27. Nf4 Bc8 28. Rc2 Rxc2 29. Rxc2 e5 30. dxe5 fxe5
31. Nd5 Bb7 32. Nc7 Rc8 33. Ke3 Bd5 34. Kd2 Bb7 35. Ne6 Re8 36. Nc7 Re7 37. Ke3 Kf7 38. Rd2 Rxc7 39. Kf2 Re7 40. Rd6 e4
41. fxe4 a5 42. Rb6 Bxe4 43. Rb5 Ra7 44. g3 Bc2 45. Ke3 a4 46. Kd2 Bb1 47. bxa4 Bxa2 48. Rb4 Be6 49. Kc3 Bd7 50. Kb3 Rc7
51. a5 Ra7 52. Rd4 Ke8 53. Kb4 Rb7+ 54. Kc5 Rb5+ 55. Kc4 Rxa5 56. Re4+ Kd8 57. Rd4 Ra4+ 58. Kc5 Rxd4 59. Kxd4 Bh3 60. Ke4 Ke7
61. Kf4 Kf6 62. Kf3 Kf5 63. Kf2 Ke4 64. Kg1 Kf3 65. Kh1 Bg2+ 66. Kg1 g5 67. h4 Kxg3 68. hxg5 h5 69. g6 h4 70. g7 Bd5
71. Kf1 h3 72. Kg1 h2+ 73. Kf1 h1=Q+ 74. Ke2 Qh5+ 75. Ke1 Qh2 76. Kd1 Kf3 77. Kc1 Ke3 78. Kb1 Kd3 79. Ka1 Kc3 80. g8=Q Qb2#
0-1

[Event "U1500 Fast tournament"]
[Site "SchemingMind.com"]
[Date "2012.05.22"]
[Round "-"]
[White "PeterLiberty"]
[Black "tom claxton"]
[Result "1-0"]
[WhiteCountry "USA"]
[BlackCountry "ENG"]
[WhiteElo "1488"]
[WhiteRD "66"]
[BlackElo "1453"]
[BlackRD "64"]
[GameID "310877"]

1. e4 e6 2. d4 c5 3. Nf3 cxd4 4. Nxd4 d5 5. exd5 Qxd5 6. Be3 Bc5 7. c4 Qe5 8. Nc3 Bxd4 9. Qxd4 Qxd4 10. Bxd4 f6
11. Be2 e5 12. Be3 Bf5 13. O-O Nc6 14. Rad1 Bc2 15. Rd2 Bf5 16. Rfd1 Nge7 17. Bc5 O-O 18. Nd5 Rfe8 19. Nc7 Rab8 20. Nxe8 Rxe8
21. Bxe7 Nxe7 22. Rd8 Rxd8 23. Rxd8+ Kf7 24. c5 Be4 25. Rd2 h6 26. f3 Bc6 27. Bc4+ Kg6 28. Bd3+ Kf7 29. Bc4+ Kg6 30. b4 Nf5
31. b5 Be8 32. a4 Kg5 33. Kf2 Nd4 34. Ke3 Nf5+ 35. Ke4 h5 36. Be6 Ne7 37. g3 Bg6+ 38. Ke3 Be8 39. f4+ Kg6 40. h3 Nf5+
41. Bxf5+ Kxf5 42. Rd5 Bf7 43. Rd7 Bb3 44. a5 b6 45. axb6 axb6 46. cxb6 Be6 47. b7 Bxd7 48. b8=Q exf4+ 49. Qxf4+ Kg6 50. g4 hxg4
51. hxg4 Bxb5 52. Qf5+ Kf7 53. Qxb5 Kg6 54. Kf4 Kf7 55. Qd7+ Kg6 56. Qe8+ Kh6 57. Qh5#
1-0

[Event "U1500 Fast tournament"]
[Site "SchemingMind.com"]
[Date "2012.05.26"]
[Round "-"]
[White "Ricsige"]
[Black "tom claxton"]
[Result "1-0"]
[WhiteCountry "AHO"]
[BlackCountry "ENG"]
[WhiteElo "1476"]
[WhiteRD "78"]
[BlackElo "1453"]
[BlackRD "64"]
[GameID "310878"]

1. d4 d5 2. c4 e6 3. Nc3 Bb4 4. Nf3 Bxc3+ 5. bxc3 Nf6 6. Bg5 Nbd7 7. cxd5 exd5 8. e3 h6 9. Bh4 O-O 10. Bd3 Qe8
11. O-O Ne4 12. Qc2 Nef6 13. a4 c6 14. Bg3 Nb6 15. Bd6 Nc4 16. Bxf8 Qxf8 17. Bxc4 dxc4 18. Ne5 Be6 19. Rab1 Bd5 20. Rxb7 c5
21. Rb5 cxd4 22. exd4 a6 23. Rb4 Rb8 24. Rxb8 Qxb8 25. Rb1 Qa8 26. f3 Qe8 27. a5 g6 28. Qb2 Kg7 29. Qb6 Qa8 30. Qc7 Ne8
31. Qb8 Qxb8 32. Rxb8 Nd6 33. Rb6 Nf5 34. Rxa6 Ne3 35. Rb6 Nd1 36. a6 Nxc3 37. a7 Na4 38. Ra6 Nc3 39. a8=Q Bxa8 40. Rxa8 Ne2+
41. Kf2 Nf4 42. g3 Ne6 43. d5 Nc5 44. Nxc4 Kf6 45. d6 Ke6 46. Ke3 f5 47. Kd4 Nd7 48. Rd8 Nf6 49. Nb6 h5 50. d7 g5
51. Re8+ Nxe8 52. dxe8=Q+ Kf6 53. Kd5 Kg7 54. Nd7 Kh6 55. Nf8 Kg7 56. Ke6 Kg8 57. Qf7+ Kh8 58. Qh7#
1-0

[Event "U1500 Fast tournament"]
[Site "SchemingMind.com"]
[Date "2012.05.21"]
[Round "-"]
[White "kingsman2"]
[Black "tom claxton"]
[Result "1-0"]
[WhiteCountry "NIR"]
[BlackCountry "ENG"]
[WhiteElo "1540"]
[WhiteRD "107"]
[BlackElo "1488"]
[BlackRD "65"]
[GameID "310879"]

1. d4 e6 2. c4 d5 3. e3 c5 4. Nf3 cxd4 5. Nxd4 Bb4+ 6. Bd2 Qa5 7. Nb3 Bxd2+ 8. N1xd2 Qd8 9. Nc5 Qb6 10. Na4 Qc6
11. Be2 Bd7 12. b3 dxc4 13. Bf3 Qb5 14. Nxc4 Bc6 15. Nd6+ Kd7 16. Nxb5+ Ke7 17. Nc7 Nf6 18. Nxa8 Bxf3 19. Qxf3 Nc6 20. Nc7 Rc8
21. Nb5 a6 22. Nb6 Rd8 23. Nc7 h6 24. Rd1 Rxd1+ 25. Qxd1 Ne4 26. Nc8+ Kf6 27. Qf3+ Ke5 28. Qf4#
1-0

[Event "U1500 Fast tournament"]
[Site "SchemingMind.com"]
[Date "2012.05.30"]
[Round "-"]
[White "dandiwilk"]
[Black "PeterLiberty"]
[Result "0-1"]
[WhiteCountry "ENG"]
[BlackCountry "USA"]
[WhiteElo "1107"]
[WhiteRD "84"]
[BlackElo "1471"]
[BlackRD "68"]
[GameID "311248"]

1. e4 c5 2. Nc3 Nc6 3. Bc4 g6 4. d3 Bg7 5. Bf4 Nf6 6. Nf3 O-O 7. O-O d6 8. e5 dxe5 9. Nxe5 Nxe5 10. Bxe5 e6
11. Ne4 b6 12. Qf3 Nxe4 13. dxe4 Bxe5 14. Rae1 Bb7 15. Re2 Bxb2 16. Qh3 Bg7 17. e5 Bc8 18. Qd3 Bb7 19. Qxd8 Raxd8 20. h3 Rd4
21. Bb5 a6 22. Bd7 Rxd7
0-1

[Event "U1500 Fast tournament"]
[Site "SchemingMind.com"]
[Date "2012.05.27"]
[Round "-"]
[White "dandiwilk"]
[Black "tom claxton"]
[Result "0-1"]
[WhiteCountry "ENG"]
[BlackCountry "ENG"]
[WhiteElo "1107"]
[WhiteRD "84"]
[BlackElo "1488"]
[BlackRD "65"]
[GameID "311249"]

1. e4 e6 2. Nf3 d5 3. Nc3 dxe4 4. Nxe4 Nc6 5. d3 Bd6 6. Bg5 f6 7. Bh4 Bf4 8. g3 Bd6 9. Bh3 Be7 10. Qd2 f5
11. Neg5 Bxg5 12. Nxg5 Nce7 13. O-O-O h6 14. Nf3 g5 15. Nxg5 hxg5 16. Qxg5 Kf8 17. d4 b6 18. Bg2 Rb8 19. Rhe1 Qd7 20. a3 Ba6
21. b4 Bb5 22. Qf4 Bc6 23. Bxc6 Nxc6 24. b5 Na5 25. g4 Qf7 26. d5 exd5 27. Bg5 fxg4 28. Qe5 Rh5 29. f4 Nc4 30. Qe2 Nxa3
31. Qxg4 Rxh2 32. Re6 Rxc2#
0-1

[Event "U1500 Fast tournament"]
[Site "SchemingMind.com"]
[Date "2012.05.27"]
[Round "-"]
[White "dandiwilk"]
[Black "Ricsige"]
[Result "0-1"]
[WhiteCountry "ENG"]
[BlackCountry "AHO"]
[WhiteElo "1107"]
[WhiteRD "84"]
[BlackElo "1423"]
[BlackRD "79"]
[GameID "311250"]

1. e4 c5 2. Nf3 Nc6 3. Nc3 Nf6 4. Bc4 e6 5. e5 Ng4 6. h3 Ngxe5 7. d3 a6 8. Bg5 Nxf3+ 9. Qxf3 Qxg5 10. O-O b5
11. Bb3 Bd6 12. a4 Qe5 13. Rae1 Qh2#
0-1

[Event "U1500 Fast tournament"]
[Site "SchemingMind.com"]
[Date "2012.05.28"]
[Round "-"]
[White "dandiwilk"]
[Black "kingsman2"]
[Result "0-1"]
[WhiteCountry "ENG"]
[BlackCountry "NIR"]
[WhiteElo "1107"]
[WhiteRD "84"]
[BlackElo "1540"]
[BlackRD "107"]
[GameID "311251"]

1. e4 e5 2. Nc3 Nc6 3. Nf3 d6 4. Bc4 Qe7 5. d3 Nf6 6. Bg5 h6 7. Bh4 Bg4 8. h3 Bxf3 9. Qxf3 Nd4 10. Qd1 O-O-O
11. O-O g5 12. Bg3 Kb8 13. b3 c6 14. a4 d5 15. exd5 cxd5 16. Bb5 Rc8 17. h4 Rxc3 18. Qd2 Rxc2 19. Qxc2 Nxc2 20. Ra2 Nd4
21. Re1 Ng4 22. f3 gxh4 23. Bh2 Nxf3+ 24. gxf3 Nxh2 25. Kxh2 Qb4 26. Rxe5 Bd6
0-1

[Event "U1500 Fast tournament"]
[Site "SchemingMind.com"]
[Date "2012.05.27"]
[Round "-"]
[White "dandiwilk"]
[Black "Pol MacGilla tSamhais"]
[Result "1-0"]
[WhiteCountry "ENG"]
[BlackCountry "IRL"]
[WhiteElo "1107"]
[WhiteRD "84"]
[BlackElo "1226"]
[BlackRD "103"]
[GameID "311252"]

1. e4 c6 2. Nf3 d5 3. Nc3 Bg4 4. h3 Bxf3 5. Qxf3 e6 6. Be2 Bd6 7. d4 Qe7 8. Bf4 Nf6 9. Bg5 h6 10. Bf4 Nbd7
11. O-O dxe4 12. Nxe4 Nxe4 13. Qxe4 Nf6 14. Qd3 Bxf4 15. Rad1 g6 16. a4 Nd5 17. b3 O-O 18. Bf3 Nb4 19. Qe4 Bb8 20. d5 Qd6
21. dxe6 fxe6 22. Rxd6 Bxd6 23. Qxe6+ Kh8 24. Qxd6 Nxc2 25. Qxg6 Nb4 26. Qxh6+ Kg8 27. Re1
1-0

[Event "U1500 Fast tournament"]
[Site "SchemingMind.com"]
[Date "2012.05.30"]
[Round "-"]
[White "PeterLiberty"]
[Black "dandiwilk"]
[Result "1-0"]
[WhiteCountry "USA"]
[BlackCountry "ENG"]
[WhiteElo "1471"]
[WhiteRD "68"]
[BlackElo "1107"]
[BlackRD "84"]
[GameID "311253"]

1. e4 e5 2. Nf3 Nc6 3. Bb5 a6 4. Ba4 b5 5. Bb3 Nf6 6. O-O Bc5 7. c3 Nxe4 8. d4 exd4 9. cxd4 Bb4 10. Nbd2 f5
11. d5 Na5 12. Nxe4 fxe4 13. Nd4 c5 14. dxc6 dxc6 15. Re1 Bxe1 16. Qh5+ g6 17. Qe5+ Qe7 18. Qxe7+ Kxe7 19. Bg5+ Kd6 20. Rxe1 Bf5
21. Nxf5+ Ke5 22. Nh6 Raf8 23. Nf7+
1-0

[Event "U1500 Fast tournament"]
[Site "SchemingMind.com"]
[Date "2012.05.27"]
[Round "-"]
[White "tom claxton"]
[Black "dandiwilk"]
[Result "1-0"]
[WhiteCountry "ENG"]
[BlackCountry "ENG"]
[WhiteElo "1488"]
[WhiteRD "65"]
[BlackElo "1107"]
[BlackRD "84"]
[GameID "311254"]

1. d4 d5 2. Nc3 Nf6 3. Bg5 h6 4. Bxf6 gxf6 5. e4 h5 6. exd5 Bf5 7. Bd3 Qd7 8. Bxf5 Qxf5 9. Nf3 Nd7 10. O-O O-O-O
11. Qe2 Bh6 12. Qe4 Qxe4 13. Nxe4 Rhg8 14. Rae1 Nb6 15. c3 Rxd5 16. Ned2 Bf4 17. Rxe7 Nd7 18. Rfe1 Ra5 19. Re8+
1-0

[Event "U1500 Fast tournament"]
[Site "SchemingMind.com"]
[Date "2012.05.27"]
[Round "-"]
[White "Ricsige"]
[Black "dandiwilk"]
[Result "1-0"]
[WhiteCountry "AHO"]
[BlackCountry "ENG"]
[WhiteElo "1423"]
[WhiteRD "79"]
[BlackElo "1107"]
[BlackRD "84"]
[GameID "311255"]

1. d4 d5 2. c4 c5 3. cxd5 Nf6 4. dxc5 Qxd5 5. Qxd5 Nxd5 6. e4 Nb4 7. Na3 e5 8. Nf3 Bxc5 9. Nxe5 O-O 10. Bd3 Bd4
11. Nf3 Nxd3+ 12. Ke2 Bd7 13. Kxd3 Nc6 14. Be3 Nb4+ 15. Kxd4 Rad8 16. Kc3 Nc6 17. Rhd1 b6 18. Rd6 Rc8 19. Kd2 Rce8 20. Rxd7
1-0

[Event "U1500 Fast tournament"]
[Site "SchemingMind.com"]
[Date "2012.05.29"]
[Round "-"]
[White "kingsman2"]
[Black "dandiwilk"]
[Result "1-0"]
[WhiteCountry "NIR"]
[BlackCountry "ENG"]
[WhiteElo "1540"]
[WhiteRD "107"]
[BlackElo "1107"]
[BlackRD "84"]
[GameID "311256"]

1. d4 d5 2. Nc3 Nf6 3. e3 Nc6 4. Nf3 Bf5 5. Bd3 e6 6. O-O Bd6 7. a4 O-O 8. Bxf5 exf5 9. b3 Qe7 10. Nb5 Ng4
11. Nxd6 cxd6 12. Qd3 Nb4 13. Qxf5 Nf6 14. c3 Nc2 15. Qxc2 Ne4 16. Ba3 Rac8 17. Ne5 dxe5 18. Bxe7 Rfe8 19. Bb4 h6 20. f3 Ng5
21. Qd2
1-0

[Event "U1500 Fast tournament"]
[Site "SchemingMind.com"]
[Date "2012.05.28"]
[Round "-"]
[White "Pol MacGilla tSamhais"]
[Black "dandiwilk"]
[Result "0-1"]
[WhiteCountry "IRL"]
[BlackCountry "ENG"]
[WhiteElo "1226"]
[WhiteRD "103"]
[BlackElo "1107"]
[BlackRD "84"]
[GameID "311257"]

1. d4 d5 2. Nc3 Nf6 3. Nf3 Bf5 4. e3 Nc6 5. Bd3 g6 6. O-O Bh6 7. b3 Qd6 8. e4 dxe4 9. Nb5 Qe6 10. Re1 O-O
11. Nxc7 Qd7 12. Nxa8 Rxa8 13. Bxh6 Ng4 14. Bf4 exd3 15. cxd3 Nb4 16. a3 Nxd3 17. Rf1 Be4 18. Qe2 Qf5 19. Nh4 Nxf4 20. Nxf5 Nxe2+
21. Kh1 Bxf5 22. Rfe1 Nxf2#
0-1